Ultimate Harry Potter Movies Quiz - GROUPS OF 2 (#1) - Statistics

General Stats
  • This quiz has been taken 127 times
  • The average score is 25 of 30
Answer Stats
Hint Answer % Correct
Harry's Parents Lily Potter
98%
Harry's Parents James Potter
97%
Who Harry Kissed Cho Chang
96%
Weasley Twins George Weasley
96%
Owls Hedwig
96%
Potion Teachers Severus Snape
96%
Weasley Twins Fred Weasley
95%
Azkaban Escapees Sirius Black
95%
Who Sees Thestrals in Order of the Phoenix? Harry Potter
93%
Who Sees Thestrals in Order of the Phoenix? Luna Lovegood
93%
Movies Dobby was in? Chamber of Secrets
92%
Who Harry Kissed Ginny Weasley
92%
Draco's Best Friends Gregory Goyle
92%
Werewolves Remus Lupin
92%
Potion Teachers Horace Slughorn
89%
Draco's Best Friends Vincent Crabbe
89%
Azkaban Escapees Bellatrix Lestrange
88%
Movies Dobby was in? Deathly Hallows Part 1
88%
Hagrid's Dogs Fang
87%
Who Harry Saved from Black Lake Ron Weasley
86%
Goblins Griphook
82%
Werewolves Fenrir Greyback
77%
Hagrid's Dogs Fluffy
76%
Who Harry Saved from Black Lake Gabrielle Delacour
75%
Owls Errol
71%
Potions Harry & Ron took in Half-Blood Prince Liquid Luck
65%
Draco Attempts Killing Dumbledore Poisoned mead
60%
Draco Attempts Killing Dumbledore Cursed Necklace
58%
Potions Harry & Ron took in Half-Blood Prince Love Potion
48%
Goblins Bogrod
38%
No matching quizzes found
Score Distribution
Percent of People with Each Score
Percentile by Number Answered
Your Score History
You have not taken this quiz